|
|
|
|
| LEADER |
01570nam a2200337 a 4500 |
| 001 |
1774 |
| 003 |
BD-DhAAL |
| 005 |
20150704091419.0 |
| 008 |
150704s1990 enk b 101 0 eng |
| 010 |
|
|
|a 89063773
|
| 020 |
|
|
|a 0803982739
|
| 040 |
|
|
|a DLC
|c DLC
|d DLC
|d BD-DhAAL
|
| 050 |
0 |
0 |
|a B843
|b .U83 1990
|
| 082 |
|
|
|a 171.5
|
| 245 |
0 |
4 |
|a The Utilitarian response :
|b the contemporary viability of utilitarian political philosophy /
|c edited by Lincoln Allison.
|
| 260 |
|
|
|a London ;
|a Newbury Park :
|b Sage Publications,
|c 1990.
|
| 300 |
|
|
|a 218 p. ;
|c 23 cm.
|
| 490 |
1 |
|
|a SAGE modern politics series ;
|v v.24
|
| 500 |
|
|
|a Papers first presented at a component workshop of the Joint Sessions of Workshops of the European Consortium for Political Research held in Rimini, Italy, April 1988 and sponsored by the University of Bologna.
|
| 504 |
|
|
|a Includes bibliographical references and index.
|
| 541 |
|
|
|e 1774
|
| 650 |
|
0 |
|a Utilitarianism
|x Congresses.
|9 12766
|
| 650 |
|
0 |
|a Political science
|x Philosophy
|x Congresses.
|9 12767
|
| 650 |
|
0 |
|a Ethics
|x Congresses.
|9 12768
|
| 700 |
1 |
|
|a Allison, Lincoln.
|9 12769
|
| 710 |
2 |
|
|a European Consortium for Political Research.
|b Joint Sessions of Workshops
|d (1988 :
|c Rimini, Italy)
|9 12770
|
| 710 |
2 |
|
|a Università di Bologna.
|9 12771
|
| 830 |
|
0 |
|a Sage modern politics series ;
|v v. 24.
|9 7922
|
| 942 |
|
|
|2 ddc
|c BK
|
| 999 |
|
|
|c 34918
|d 34918
|
| 952 |
|
|
|0 0
|1 0
|2 ddc
|4 0
|6 171_500000000000000_UTI
|7 0
|9 54665
|a SCL
|b SCL
|c GEN
|d 2015-07-04
|e Gift: The Asia Foundation
|l 10
|m 13
|o 171.5 UTI
|p 3020001774
|r 2025-11-26
|s 2025-11-18
|t 1
|w 2015-07-04
|y BK
|